Countries with Highest Murder Rates - Statistics

General Stats
  • This quiz has been taken 135 times
    99 since last reset
  • The average score is 8 of 15
Answer Stats
Rank Murders rate Country % Correct
4 41.2 El Salvador
88%
1 90.4 Honduras
86%
2 53.7 Venezuela
85%
11 30.8 Colombia
82%
5 39.9 Guatemala
75%
10 31 South Africa
68%
3 44.7 Belize
64%
6 39.3 Jamaica
61%
9 33.6 St Kitts and Nevis
40%
13 28.3 Trinidad and Tobago
40%
12 29.8 The Bahamas
35%
7 38 Lesotho
33%
15 25.6 St Vincent and the Grenadines
33%
14 28.3 DR Congo
25%
8 33.8 Swaziland
23%
No matching quizzes found
Score Distribution
Percent of People with Each Score
Percentile by Number Answered
Your Score History
You have not taken this quiz since the last reset